|
|
|
|
| LEADER |
00000nam a2200000 4500 |
| 001 |
vtls011896113 |
| 003 |
SK-MaSNL |
| 005 |
20260426020304.0 |
| 008 |
201207s2019 xxu r 001 0 eng |
| 015 |
|
|
|a SNBZSA2019/12
|
| 020 |
|
|
|a 9780367315047
|q (viazané)
|
| 035 |
|
|
|a 2756B304-251F-4E6A-8328-CD60FBD1799D
|
| 035 |
|
|
|a urn:nbn:sk:snk-am3ib26
|
| 035 |
|
|
|a urn:nbn:sk:snk-am00djao
|
| 040 |
|
|
|a SNK
|b slo
|c SNK
|e rda
|
| 041 |
0 |
|
|a eng
|
| 043 |
|
|
|a s------
|a a------
|a ee-----
|
| 044 |
|
|
|a xxu
|c US
|
| 072 |
|
7 |
|a 355/359
|x Vojenstvo. Obrana krajiny. Ozbrojené sily
|2 konspekt
|
| 080 |
|
|
|a 321.7:316.42
|2 2011
|
| 080 |
|
|
|a 355:316.653
|2 2011
|
| 080 |
|
|
|a (8)
|2 2011
|
| 080 |
|
|
|a (5)
|2 2011
|
| 080 |
|
|
|a (082)
|2 2011
|
| 080 |
|
|
|a (4‑11)
|2 2011
|
| 245 |
0 |
0 |
|a Civil-military relations
|b building democracy and regional security in Latin America, Southern Asia, and Central Europe
|c edited by David R. Mares
|
| 264 |
|
1 |
|a New York
|a London
|b Routledge
|c 2019
|
| 300 |
|
|
|a xiii, 274 strán
|c 24 cm
|
| 336 |
|
|
|a text
|b txt
|2 rdacontent
|
| 337 |
|
|
|a bez média
|b n
|2 rdamedia
|
| 338 |
|
|
|a zväzok
|b nc
|2 rdacarrier
|
| 490 |
1 |
|
|a Latin America in Global Perspective
|
| 504 |
|
|
|a Obsahuje bibliografiu, bibliografické odkazy a register na strane 263
|
| 650 |
0 |
7 |
|a demokratizácia
|2 SNKPH
|9 3570
|
| 650 |
0 |
7 |
|a medzinárodná integrácia
|2 SNK
|9 336136
|
| 650 |
0 |
7 |
|a armáda a verejnosť
|2 SNKPH
|9 83677
|
| 650 |
0 |
7 |
|a Democratization
|2 SNKPHeng
|9 280445
|
| 650 |
0 |
7 |
|a Civil-military relations
|2 SNKPHeng
|9 443392
|
| 651 |
|
7 |
|a Južná Amerika
|2 SNKPHgeo
|9 29889
|
| 651 |
|
7 |
|a Ázia
|2 SNKPHgeo
|9 28709
|
| 651 |
|
7 |
|a South America
|2 SNKPHeng
|9 318424
|
| 651 |
|
7 |
|a Asia
|2 SNKPHeng
|9 267356
|
| 651 |
|
7 |
|a Európa východná
|2 SNKPHgeo
|9 167635
|
| 651 |
|
7 |
|a Europe, Eastern
|2 SNKPHeng
|9 229905
|
| 655 |
|
7 |
|a zborníky
|2 SNKPH
|9 70165
|
| 655 |
|
7 |
|a Papers by one author
|2 SNKPHeng
|9 155030
|
| 700 |
1 |
|
|a Mares, David R.
|4 edt
|9 763489
|
| 830 |
|
0 |
|a Latin America in Global Perspective
|9 763490
|
| 919 |
|
|
|a 978-0-367-31504-7
|
| 958 |
|
|
|a ZS
|
| 958 |
|
|
|a NB
|
| 958 |
|
|
|a SP
|
| 999 |
|
|
|c 1207346
|d 1209276
|
| 952 |
|
|
|a SNK
|b SNK
|y PREZ
|7 0
|p 17A1390725
|o snkSC 186334
|i snk2019/27346
|8 3
|g 159.99
|0 0
|1 0
|4 0
|d 2019-10-25
|f 1
|l 0
|r 2026-02-24 23:02:02
|w 2026-02-24
|